000 00648nam a22002417a 4500
003 UA-OsUOA
001 28626
007 ta
008 20050414b un ||||| |||| 00| 0 ukr d
090 _a94(47+57)
_bР31
942 _cBK
040 _aUA-OsUOA
_brus
_cUA-OsUOA
_dUA-OsUOA
245 _aРеабилитация
_bПолитические процессы 30-50 годов
_cРед. А. Н.Яковлева
300 _a461 с.
_bІлюстрації
955 _a0
041 _arus
080 _a94(47+57)
020 _a5-25-01429-1
260 _aМ.
_bПолитиздат
_c1991
044 _aRU
650 7 _2UDC
999 _c314995
_d314995